Longest Shared State Borders Quiz Stats

Quiz Updated May 8, 2012

Challenge
Share
Tweet
Embed
Score 0/20 Timer 05:00
2 Plays Today
Length (mi) States % Correct
608.2California, Nevada
96.7%
715.4Oklahoma, Texas
89.3%
359North Dakota, South Dakota
79.9%
391Arizona, New Mexico
77.4%
536.2New Mexico, Texas
76%
569.8Idaho, Montana
75.1%
377.7Montana, Wyoming
71.4%
338.5Kentucky, Tennessee
68.4%
385.8Oregon, Washington
68.1%
356.5Kansas, Nebraska
65.7%
Length (mi) States % Correct
344.6Nevada, Utah
61.6%
409.1Kansas, Oklahoma
60.6%
399.4Nebraska, South Dakota
51.5%
323.9Alabama, Mississippi
50.9%
333Colorado, New Mexico
48.7%
327.7North Carolina, Virginia
47.9%
381.2Virginia, West Virginia
27.8%
331.6Illinois, Missouri
27.5%
456.6Louisiana, Mississippi
22.8%
325.3Arkansas, Missouri
18.8%

You're not logged in!

Compare scores with friends on all Sporcle quizzes.
Join for Free
OR
Log In

You Might Also Like...

Show Comments

Extras

Top Quizzes Today


Score Distribution

Your Account Isn't Verified!

In order to create a playlist on Sporcle, you need to verify the email address you used during registration. Go to your Sporcle Settings to finish the process.

Report this User

Report this user for behavior that violates our Community Guidelines.

Details: